00235nam a2200085Ia 4500008004100000100004000041245003300081260002700114300000800141201216s9999 xx 000 0 und d aClayton, B. R. and Bishop, R. E. D. 0aMechanics of Marine Vehicles aLondonbE & F. N. Spon a597